| 000 | 004590000a22001810004500 | ||
|---|---|---|---|
| 003 | MACL | ||
| 005 | 20160121132902.0 | ||
| 008 | 160121b xxu||||| |||| 00| 0 eng d | ||
| 040 |
_aMACL _cmacl |
||
| 041 | _aEnglish | ||
| 082 | _a370 | ||
| 100 |
_aFisher, Stanley _933908 |
||
| 245 | _aDiscovering the Power of Self Hypnosis | ||
| 260 |
_bMagna Publishing Co Ltd _c2000 _aMumbai |
||
| 350 | _a175 | ||
| 650 |
_aEducation _933909 |
||
| 942 |
_cBK _k370/FIS _2ddc |
||
| 999 |
_c32348 _d32348 |
||